Statistiques concernant Anatomie d'une fleur sur un dessin

Cliquez ici pour prendre le quiz!

Statistiques générales

  • Ce quiz a été pris 278 fois
  • Le résultat moyen est 5 sur 13

Réponses sur la Carte

Les réponses sont colorées sur une échelle allant du rouge au vert en fonction du pourcentage des utilisateurs qui les ont devinées à leur premier essai. Vous pouvez retrouver ces pourcentages ci-dessous.
 

Statistiques - réponses

Réponse% Correct
Pétale
79%
Pollen
70%
Ovule
55%
Ovaire
50%
Étamine
49%
Sépale
45%
Pédoncule
37%
Réceptacle
28%
Anthère
26%
Style
23%
Filet
21%
Stigmate
18%
Carpelle
14%

Distribution des résultats

Percentile par nombre de réponses

% des personnes avec chaque résultat

Votre développement - résultats

Vous n’avez pas pris ce quiz